01286nam a22001337a 4500003000400000005001700004008004100021100002300062245002300085250000800108260004200116300001100158520098300169OSt20260429091502.0260429b |||||||| |||| 00| 0 SPA d aL.Susana Quiroz C. aAmor Sobrenatural  a1ra aQUITO - ECUADOR bITS ECAUTORIANOcXX a95 Pag a Amor sobrenatural carácter netamente superficial. Su atención se posaba en cualquier parte d- cuerpo femenino que estuviera frente a - mirada. Podía quedarse embelesado por unos bellos ojos, por una nariz bien perfilada o unos labios bien delineados y finamente pintados como un rubí. Quedaba siempre asaltado por una oleada de aromas y colores, acompañados sin duda, de un delicado andar. Le cautivaban unos pies finamente arreglados, una estrecha cintura, la delicadez de la parte baja de la espalda, o la pequeña sonrisa que una mujer brinda cuando nota que alguien la está mirando. Todo esto a escondidas de los demás, por supuesto. Y, como el amor es un tema innato en las conversaciones de todos los jóvenes, Javier y sus amigos platicaban durante innumerables horas sobre los nuevos rostros, que en el transcurso del día, se habían impregnado en sus miradas: si les quedaron viendo... o si les sonrieron... Pero todo, siempre a su favor.